European Countries with 10,000 Foot Mountains - Statistics

General Stats
  • This quiz has been taken 204 times
  • The average score is 6 of 6
Answer Stats
country % Correct
Switzerland
98%
France
97%
Italy
96%
Austria
95%
Russia
84%
Spain
81%
No matching quizzes found
Score Distribution
Percent of People with Each Score
Percentile by Number Answered
Your Score History
You have not taken this quiz